000 00855nam a2200241 a 4500
001 71237
003 BD-RjUL
005 20211209082106.0
008 170430s1989 bg a|||| |||| 00| 0 ben d
020 _c: TK. 75.00
035 _a(BD-RjUL)71452
040 _aBD-RjUL
_bben
_cBD-RjUL
_dBD-RjUL
041 _aben
082 _223
_a570
_bISP 1989
100 _aইসলাম, আনোয়ারুল
_9144765
245 _aপ্রাথমিক পারিবেশিক জীববিজ্ঞান /
_cআনোয়ারুল ইসলাম
250 _a১ম সং.
260 _aঢাকা :
_bবাংলা একাডেমী,
_c১৯৮৯.
300 _a১৮১ পৃ. :
_bচিত্র. ;
_c২৪ সেমি.
650 _aজীববিদ্যা
_9210771
650 _aBiology
_9210772
942 _2ddc
_cBK
999 _c71237
_d71237